Organizational behavior : improving performance and commitment in the workplace /
Salvato in:
| Autore principale: | |
|---|---|
| Altri autori: | , |
| Natura: | Libro |
| Pubblicazione: |
Boston :
McGraw-Hill/Irwin,
c2009.
|
| Soggetti: | |
| Accesso online: | http://www.loc.gov/catdir/enhancements/fy0808/2007038807-t.html |
| Tags: |
Aggiungi Tag
Nessun Tag, puoi essere il primo ad aggiungerne!!
|
MARC
| LEADER | 00000cam a2200000 a 4500 | ||
|---|---|---|---|
| 005 | 20251005090722.0 | ||
| 020 | |a 9780073530086 |c TZS 10,000 /= | ||
| 040 | |a MCCL |b eng. |e AACR 2nd rev.ed. | ||
| 082 | 0 | 0 | |a 658.3 COL |
| 100 | 1 | |a Colquitt, Jason A. | |
| 245 | 1 | 0 | |a Organizational behavior : |b improving performance and commitment in the workplace / |c Jason A. Colquitt, Jeffery A. Lepine and Michael J. Wesson. |
| 260 | |a Boston : |b McGraw-Hill/Irwin, |c c2009. | ||
| 300 | |a xxi, 617 p. : |b ill. ; |c 26 cm. | ||
| 504 | |a Includes bibliographical references and indexes. | ||
| 650 | 0 | |a Organizational behavior. | |
| 650 | 0 | |a Personnel management. | |
| 650 | 0 | |a Strategic planning. | |
| 700 | 1 | |a Lepine, Jeffery A. | |
| 700 | 1 | |a Wesson, Michael J. | |
| 856 | 4 | 1 | |u http://www.loc.gov/catdir/enhancements/fy0808/2007038807-t.html |
| 942 | |c BK | ||
| 999 | |c 11831 |d 11831 | ||